000 00429nam a2200157 a 4500
005 20140412111311.0
008 010426s19uu xx 00 eng d
020 _a1-55037-464-8
050 _aTR(GS 839.3
_bB14 1996
100 _aBaeten, Lieve
245 _aNicky's birthday /
_cLieve Baeten.
260 _aToronto :
_bAnnick Press Ltd,
_c1996.
300 _a1v. (unp.) ; ill.
650 _aBirthdays-Stories
999 _c103978
_d103978